Anar a escola a Castellbisbal entre 1939 i 1965 /
MARC
| LEADER | 00000nam a22000007a 4500 | ||
|---|---|---|---|
| 001 | 28074 | ||
| 003 | AGDB | ||
| 005 | 20260324181519.0 | ||
| 008 | 230710b spa||||| |||| 00| 0 cat d | ||
| 017 | |a B 3688-2023 | ||
| 020 | |a 9788409484607 | ||
| 040 | |a agdb |b cat | ||
| 100 | |9 69816 |a Comas Arnal, Eva | ||
| 245 | |a Anar a escola a Castellbisbal entre 1939 i 1965 / |c Eva Comas Arnal | ||
| 250 | |a Primera edició: |b Març de 2023 | ||
| 260 | |a Castellbisbal : |b Ajuntament de Castellbisbal ; |c 2023 | ||
| 300 | |a 375 pàgines ; |b il·lustracions color i blanc i negre ; |c 20 cm | ||
| 490 | |a Beca de Recerca de l'Arxiu Municipal de Castellbisbal |v 5 | ||
| 504 | |a Fonts bibliogràfiques i hemerogràfiques, pàgines 351-359. | ||
| 505 | |a Conté annexos, pàgines 361-374. | ||
| 586 | |a Cinquena beca de recerca de l'Arxiu Municipal de Castellbisbal. | ||
| 650 | 0 | |9 69817 |a Ensenyament |z Castellbisbal (Catalunya) |x Història |y S. XX | |
| 650 | 0 | |9 69818 |a Franquisme i educació | |
| 651 | 0 | |9 54112 |a Castellbisbal (Catalunya) |x Història | |
| 700 | 1 | |9 69819 |a Martí, Francina |e pròleg | |
| 710 | 1 | |9 54115 |a Castellbisbal (Catalunya). |b Ajuntament |e entitat editora | |
| 942 | |2 udc |c ARXIU |n 1 | ||
| 952 | |0 0 |1 0 |2 udc |4 0 |6 BIB1101 |7 1 |9 95942 |a Arxiu |b Arxiu |d 2023-07-10 |l 0 |o Bib-1101 |p 28074 |r 2023-07-10 00:00:00 |w 2023-07-10 |y ARXIU | ||
| 999 | |c 127963 |d 127963 | ||